[Event "DVM U12 2014"]
[Site "Verden/Aller GER"]
[Date "2014.12.29"]
[Round "5"]
[White "Henning, Marvin"]
[Black "Engländer, Leon Arne"]
[Result "1/2-1/2"]
[Termination "normal"]
[Board "2.3"]
[WhiteElo "1791"]
[BlackElo "1312"]
[WhiteTeam "Reideburger SV 90 Halle"]
[BlackTeam "Biebertaler Schachfreunde"]
[PlyCount "111"]
[WhiteFideId "12957399"]
[BlackFideId "12997226"]
[EventCountry "GER"]
[EventRounds "7"]
[EventType "team-swiss"]
[EventDate "2014.12.26"]

1. d4 Nf6 2. g3 g6 3. Bg2 Bg7 4. Nf3 O-O 5. O-O d6 6. Re1 c6 7. e4 Bg4 8. h3
Bd7 9. c3 Re8 10. Bf4 Nh5 11. Be3 e5 12. dxe5 dxe5 13. Nbd2 Qc7 14. Qc2 Be6 15.
Rad1 Nd7 16. Ng5 Rad8 17. Nxe6 Rxe6 18. Nf3 Nhf6 19. Bf1 Ne8 20. Bc4 Re7 21.
Bg5 Nef6 22. b4 h6 23. Be3 b5 24. Bb3 a5 25. a3 a4 26. Ba2 Ne8 27. Rd2 Nf8 28.
Red1 Red7 29. c4 Qb7 30. cxb5 cxb5 31. Bd5 Qc8 32. Bc5 Nc7 33. Kg2 Nce6 34.
Bxf8 Kxf8 35. Qa2 Qa6 36. h4 Ke7 37. Rd3 Rd6 38. R1d2 R8d7 39. Qb2 f6 40. Qa2
Rd8 41. Rd1 Qc8 42. R1d2 Qa6 43. Kg1 Nc7 44. Bg8 Ne6 45. Rxd6 Rxd6 46. Rxd6
Qxd6 47. Qxe6+ Qxe6 48. Bxe6 Kxe6 49. Nd2 Kd6 50. Kf1 Kc6 51. Ke2 Bf8 52. Kd3
Bd6 53. f3 Bc7 54. Nf1 Bb6 55. Ne3 Bxe3 56. Kxe3 1/2-1/2

[Event "DVM U12 2014"]
[Site "Verden/Aller GER"]
[Date "2014.12.29"]
[Round "5"]
[White "Engert, Kiyan"]
[Black "Schlosser, Justin"]
[Result "1-0"]
[Termination "normal"]
[Board "2.4"]
[WhiteElo "1156"]
[BlackElo "1360"]
[WhiteTeam "Biebertaler Schachfreunde"]
[BlackTeam "Reideburger SV 90 Halle"]
[PlyCount "67"]
[WhiteFideId "16214870"]
[BlackFideId "12993700"]
[EventCountry "GER"]
[EventRounds "7"]
[EventType "team-swiss"]
[EventDate "2014.12.26"]

1. d4 d5 2. Nf3 Nc6 3. Bf4 Nf6 4. e3 Bf5 5. Bb5 a6 6. Bxc6+ bxc6 7. O-O e6 8.
Nbd2 Nh5 9. Nb3 Nxf4 10. exf4 Bd6 11. Na5 Qd7 12. Ne5 Bxe5 13. fxe5 O-O 14. Nb3
Qe7 15. c3 Qg5 16. Qf3 h5 17. Qg3 Qh6 18. h4 Kh8 19. Qg5 Qh7 20. Na5 f6 21. Qg3
Rg8 22. Kh2 g5 23. exf6 gxh4 24. Qxh4 Rg4 25. Qh3 h4 26. Nxc6 Rg3 27. Qxf5 Qxf5
28. fxg3 hxg3+ 29. Kxg3 Rg8+ 30. Kh2 Qg4 31. Rf2 Qg3+ 32. Kg1 Kh7 33. Ne7 Rh8
34. Rf3 1-0

[Event "DVM U12 2014"]
[Site "Verden/Aller GER"]
[Date "2014.12.29"]
[Round "5"]
[White "Reitz, Theresa"]
[Black "Wong, Gengchun"]
[Result "1/2-1/2"]
[Termination "normal"]
[Board "3.1"]
[WhiteElo "1485"]
[BlackElo "1989"]
[WhiteTeam "VfR-SC Koblenz"]
[BlackTeam "SV Dresden-Leuben"]
[PlyCount "49"]
[WhiteFideId "12971901"]
[BlackFideId "12963283"]
[EventCountry "GER"]
[EventRounds "7"]
[EventType "team-swiss"]
[EventDate "2014.12.26"]

1. e4 c5 2. Nf3 d6 3. Bb5+ Bd7 4. Bxd7+ Qxd7 5. O-O Nc6 6. c3 Nf6 7. Re1 e6 8.
d4 cxd4 9. cxd4 d5 10. exd5 Nxd5 11. Ne5 Nxe5 12. dxe5 Bc5 13. a3 Bb6 14. Nd2
Rc8 15. Qg4 g6 16. Ne4 Bc7 17. Nf6+ Nxf6 18. exf6 h5 19. Qh4 Bb6 20. Be3 Bxe3
21. Rxe3 Qb5 22. Qd4 O-O 23. Re5 Qc6 24. Qe3 Kh7 25. Qd3 1/2-1/2

[Event "DVM U12 2014"]
[Site "Verden/Aller GER"]
[Date "2014.12.29"]
[Round "5"]
[White "Bui, Hai Lam"]
[Black "Mailitis, Ricardo"]
[Result "1-0"]
[Termination "normal"]
[Board "3.2"]
[WhiteElo "1868"]
[BlackElo "1473"]
[WhiteTeam "SV Dresden-Leuben"]
[BlackTeam "VfR-SC Koblenz"]
[PlyCount "122"]
[WhiteFideId "12975737"]
[BlackFideId "12977535"]
[EventCountry "GER"]
[EventRounds "7"]
[EventType "team-swiss"]
[EventDate "2014.12.26"]

1. Nf3 Nc6 2. d4 d5 3. c4 Bf5 4. a3 e6 5. Nc3 Nf6 6. e3 Be7 7. cxd5 Nxd5 8. Be2
O-O 9. O-O h5 10. Nxd5 Qxd5 11. Nd2 h4 12. Bf3 Qd6 13. Nc4 Qd7 14. h3 Rad8 15.
Qb3 Rfe8 16. Qxb7 Nb8 17. Ne5 Qc8 18. Qxa7 c5 19. dxc5 Qxc5 20. Qxc5 Bxc5 21.
b4 Bd6 22. Bb2 f6 23. Nc6 Nxc6 24. Bxc6 Re7 25. Rfd1 Rc7 26. b5 Kf7 27. Bc3 Be7
28. Rxd8 Bxd8 29. Kf1 Bd3+ 30. Ke1 Bxb5 31. Bxb5 Rxc3 32. Ke2 Rd3 33. Kf3 Rd7
34. Rd1 Be7 35. a4 Ra7 36. Rd2 g5 37. Ke4 Bb4 38. Rb2 Bc3 39. Rc2 Bb4 40. Rc6
Be1 41. Rc2 Bb4 42. Kd3 f5 43. Ke2 Kf6 44. Rc4 Ba5 45. Rc6 Bb4 46. Rb6 Ba5 47.
Rd6 Bb4 48. Rc6 Ba5 49. Bc4 Re7 50. Ra6 Bb4 51. a5 Bc3 52. Ra8 Rc7 53. Bd3 Rf7
54. a6 Bb4 55. Bb5 Bc5 56. Rc8 Bb6 57. Bc6 Ba7 58. Bb7 Bb6 59. Kd3 Ke5 60. Rg8
Kf6 61. e4 Rc7 1-0

[Event "DVM U12 2014"]
[Site "Verden/Aller GER"]
[Date "2014.12.29"]
[Round "5"]
[White "Riedel, Thomas"]
[Black "Bui, Ngoc Han Julia"]
[Result "0-1"]
[Termination "normal"]
[Board "3.3"]
[WhiteElo "1199"]
[BlackElo "1562"]
[WhiteTeam "VfR-SC Koblenz"]
[BlackTeam "SV Dresden-Leuben"]
[PlyCount "76"]
[WhiteFideId "12988278"]
[BlackFideId "12977055"]
[EventCountry "GER"]
[EventRounds "7"]
[EventType "team-swiss"]
[EventDate "2014.12.26"]

1. c4 Nf6 2. d4 g6 3. Nc3 d5 4. Bf4 Bg7 5. Nf3 O-O 6. e3 c5 7. Rc1 cxd4 8. exd4
Nc6 9. Be2 Bg4 10. O-O dxc4 11. d5 Nh5 12. dxc6 Nxf4 13. cxb7 Rb8 14. Bxc4 Rxb7
15. b3 Rd7 16. Qe1 Bxf3 17. gxf3 Nd3 18. Bxd3 Rxd3 19. Kg2 Qa8 20. Ne4 Rfd8 21.
Rc7 R8d7 22. Rc4 R3d4 23. Rc5 Qb8 24. Qc1 Qb6 25. a4 Qxb3 26. Rc8+ Rd8 27.
Rxd8+ Rxd8 28. Nc5 Qb6 29. Re1 Rc8 30. Rxe7 Rxc5 31. Re8+ Bf8 32. Qa3 Qd6 33.
Qe3 Rc7 34. Ra8 Re7 35. Qh6 Re5 36. f4 Rh5 37. Rxf8+ Qxf8 38. Qxh5 gxh5 0-1

[Event "DVM U12 2014"]
[Site "Verden/Aller GER"]
[Date "2014.12.29"]
[Round "5"]
[White "Wong, Kar Yan"]
[Black "Stahnecker, Hagen"]
[Result "1-0"]
[Termination "normal"]
[Board "3.4"]
[WhiteElo "1312"]
[BlackElo "989"]
[WhiteTeam "SV Dresden-Leuben"]
[BlackTeam "VfR-SC Koblenz"]
[PlyCount "54"]
[WhiteFideId "12971855"]
[BlackFideId "16225422"]
[EventCountry "GER"]
[EventRounds "7"]
[EventType "team-swiss"]
[EventDate "2014.12.26"]

1. e4 e5 2. Nf3 Nc6 3. Bb5 a6 4. Bxc6 dxc6 5. h3 Bc5 6. O-O Qd6 7. c3 Nf6 8. d4
exd4 9. cxd4 Bxd4 10. Qxd4 Qe7 11. Bg5 c5 12. Qe3 h6 13. Bh4 g5 14. Bg3 Bd7 15.
Nc3 O-O-O 16. Nd5 Nxd5 17. exd5 Qf6 18. Be5 Qg6 19. Bxh8 Rxh8 20. Ne5 Qb6 21.
Nxd7 Kxd7 22. Rfe1 Qxb2 23. Qe2 Kc8 24. d6 cxd6 25. Rab1 Qxa2 26. Rxb7 Qa5 27.
Qe7 Qb5 1-0

[Event "DVM U12 2014"]
[Site "Verden/Aller GER"]
[Date "2014.12.29"]
[Round "5"]
[White "Kopylov, Daniel"]
[Black "Garbuz, Vitaliy"]
[Result "1-0"]
[Termination "normal"]
[Board "4.1"]
[WhiteElo "1813"]
[BlackElo "1920"]
[WhiteTeam "TuRa Harksheide"]
[BlackTeam "SF Brackel 1930"]
[PlyCount "101"]
[WhiteFideId "12921971"]
[BlackFideId "12990710"]
[EventCountry "GER"]
[EventRounds "7"]
[EventType "team-swiss"]
[EventDate "2014.12.26"]

1. d4 Nf6 2. Nf3 d6 3. c4 g6 4. g3 Bg7 5. Bg2 Nbd7 6. O-O O-O 7. Nc3 e5 8. Bg5
h6 9. Bc1 c6 10. e4 Qe7 11. Re1 Qd8 12. h3 a5 13. d5 Nc5 14. Be3 Nfd7 15. Qd2
Kh7 16. Rad1 Nb6 17. b3 cxd5 18. Bxc5 dxc5 19. Nxd5 Nxd5 20. cxd5 a4 21. Qc2
Qd6 22. Rc1 b6 23. Nd2 axb3 24. axb3 Ba6 25. Nc4 Bxc4 26. bxc4 Ra5 27. Ra1 Rfa8
28. Rxa5 Rxa5 29. Rb1 Ra8 30. Qb3 Rb8 31. Ra1 Qd7 32. Ra6 Qc7 33. Qa4 Qe7 34.
Ra7 Rb7 35. Rxb7 Qxb7 36. Qc6 Qb8 37. d6 Bf8 38. Qc7 Bxd6 39. Qxf7+ Kh8 40.
Qxg6 Bf8 41. h4 Qd6 42. Qe8 Qe7 43. Qc8 Qd6 44. Bh3 Qd1+ 45. Kg2 Qd6 46. Bf5
Qe7 47. Qc6 Qd6 48. Qe8 Kg8 49. Be6+ Kh8 50. Qf7 Bg7 51. Qg8# 1-0

[Event "DVM U12 2014"]
[Site "Verden/Aller GER"]
[Date "2014.12.29"]
[Round "5"]
[White "Kracht, Raphael"]
[Black "Oganessjan, Artur"]
[Result "1-0"]
[Termination "normal"]
[Board "4.2"]
[WhiteElo "1636"]
[BlackElo "1786"]
[WhiteTeam "SF Brackel 1930"]
[BlackTeam "TuRa Harksheide"]
[PlyCount "73"]
[WhiteFideId "16214382"]
[BlackFideId "12986062"]
[EventCountry "GER"]
[EventRounds "7"]
[EventType "team-swiss"]
[EventDate "2014.12.26"]

1. e4 e6 2. d4 d5 3. e5 c5 4. c3 Nc6 5. Nf3 Qb6 6. Bd3 Bd7 7. O-O cxd4 8. cxd4
Nxd4 9. Nxd4 Qxd4 10. Nc3 Qb6 11. Qe2 a6 12. Kh1 Bc5 13. f4 Ne7 14. Bd2 Rd8 15.
Rac1 Bc6 16. f5 exf5 17. Bxf5 Nxf5 18. Rxf5 O-O 19. Bg5 Rde8 20. Qd3 Bd7 21.
Rf6 gxf6 22. Nxd5 Bb5 23. Qf5 Rxe5 24. Nxf6+ Qxf6 25. Qxf6 Rfe8 26. h3 R8e6 27.
Qd8+ Kg7 28. Bf4 Rf5 29. Rxc5 Rxc5 30. Qd4+ Rf6 31. Qxc5 Rg6 32. Be5+ f6 33.
Qe7+ Kh6 34. Bxf6 Bc6 35. Qe3+ Kh5 36. Qe5+ Kh6 37. Qf4+ 1-0

[Event "DVM U12 2014"]
[Site "Verden/Aller GER"]
[Date "2014.12.29"]
[Round "5"]
[White "Höfs, Cederik"]
[Black "Wastian, Mareike"]
[Result "0-1"]
[Termination "normal"]
[Board "4.3"]
[WhiteElo "1163"]
[BlackElo "1573"]
[WhiteTeam "TuRa Harksheide"]
[BlackTeam "SF Brackel 1930"]
[PlyCount "56"]
[WhiteFideId "16207653"]
[BlackFideId "12947423"]
[EventCountry "GER"]
[EventRounds "7"]
[EventType "team-swiss"]
[EventDate "2014.12.26"]

1. d4 d5 2. c4 e6 3. g3 c5 4. b3 Nc6 5. Nf3 Nf6 6. e3 Be7 7. Bg2 O-O 8. O-O Qc7
9. Re1 Rd8 10. Bb2 dxc4 11. bxc4 b6 12. e4 cxd4 13. e5 Ne8 14. Nxd4 Bb7 15.
Nxc6 Rxd1 16. Nxe7+ Qxe7 17. Rxd1 Bxg2 18. Kxg2 Nc7 19. Ba3 Qg5 20. Bd6 Ne8 21.
Na3 Nxd6 22. exd6 Rd8 23. Nb5 a6 24. Nc7 Qc5 25. Rac1 Rxd6 26. Nxa6 Qc6+ 27.
Kg1 h6 28. Rxd6 Qxd6 0-1

[Event "DVM U12 2014"]
[Site "Verden/Aller GER"]
[Date "2014.12.29"]
[Round "5"]
[White "Garbuz, Nicole"]
[Black "Bahde, Thiemo"]
[Result "1-0"]
[Termination "normal"]
[Board "4.4"]
[WhiteElo "1440"]
[BlackElo "1064"]
[WhiteTeam "SF Brackel 1930"]
[BlackTeam "TuRa Harksheide"]
[PlyCount "99"]
[WhiteFideId "12990701"]
[BlackFideId "16205537"]
[EventCountry "GER"]
[EventRounds "7"]
[EventType "team-swiss"]
[EventDate "2014.12.26"]

1. e4 e5 2. Nf3 Nc6 3. Bc4 Nf6 4. Ng5 d5 5. exd5 Nxd5 6. Nxf7 Kxf7 7. Qf3+ Ke8
8. Bxd5 Qf6 9. Qxf6 gxf6 10. Bxc6+ bxc6 11. Nc3 Rg8 12. g3 Bf5 13. d3 Rb8 14.
b3 Bb4 15. Bb2 Bg4 16. a3 Bf3 17. Rf1 Bc5 18. Ne4 Be7 19. Nd2 Bg2 20. Rg1 Bh3
21. O-O-O Rf8 22. g4 Rg8 23. f3 h5 24. gxh5 Rh8 25. Ne4 Kd7 26. Rg7 Ke6 27. Re1
Rxh5 28. f4 Bg2 29. Rxg2 Bd6 30. fxe5 fxe5 31. d4 Rh4 32. dxe5 Bxe5 33. Ng5+
Kd6 34. Bxe5+ Kd7 35. Rd2+ Kc8 36. Bf6 Kb7 37. Re4 Rh6 38. Rb4+ Ka8 39. Rxb8+
Kxb8 40. Ne4 Kb7 41. h4 Rh5 42. Ng3 Rh6 43. Bd8 Kb6 44. h5 Rh7 45. Bg5 Rg7 46.
h6 Rxg5 47. h7 Rxg3 48. h8=Q Rg1+ 49. Rd1 Rg5 50. Qb8+ 1-0

[Event "DVM U12 2014"]
[Site "Verden/Aller GER"]
[Date "2014.12.29"]
[Round "5"]
[White "Lieberwirth, Kasimir"]
[Black "Heckmann, Till"]
[Result "1-0"]
[Termination "normal"]
[Board "5.1"]
[WhiteElo "1546"]
[BlackElo "1530"]
[WhiteTeam "SG Turm Leipzig"]
[BlackTeam "SV Empor Berlin"]
[PlyCount "51"]
[WhiteFideId "12988146"]
[BlackFideId "12987093"]
[EventCountry "GER"]
[EventRounds "7"]
[EventType "team-swiss"]
[EventDate "2014.12.26"]

1. e4 e6 2. d4 d5 3. c4 dxe4 4. Nc3 Nf6 5. f3 exf3 6. Nxf3 Nbd7 7. Bg5 Be7 8.
Bd3 c6 9. O-O O-O 10. Qe1 h6 11. Bh4 Re8 12. Ne4 b6 13. Rd1 Bb7 14. Ne5 Nxe5
15. Nxf6+ Bxf6 16. Bxf6 Nxd3 17. Qg3 Qxf6 18. Rxf6 Kf8 19. Rf3 Nxb2 20. Rdf1 f6
21. c5 Nc4 22. Rxf6+ gxf6 23. Rxf6+ Ke7 24. Qg7+ Kd8 25. Qxb7 Rc8 26. Rf7 1-0

[Event "DVM U12 2014"]
[Site "Verden/Aller GER"]
[Date "2014.12.29"]
[Round "5"]
[White "Pysarenko, Kyrill"]
[Black "Weimert, Miriam"]
[Result "1-0"]
[Termination "normal"]
[Board "5.2"]
[WhiteElo "1408"]
[BlackElo "1532"]
[WhiteTeam "SV Empor Berlin"]
[BlackTeam "SG Turm Leipzig"]
[PlyCount "83"]
[WhiteFideId "12974250"]
[BlackFideId "12966703"]
[EventCountry "GER"]
[EventRounds "7"]
[EventType "team-swiss"]
[EventDate "2014.12.26"]

1. e4 e5 2. Nf3 Nf6 3. Nxe5 d6 4. Nf3 Nxe4 5. Nc3 Nf6 6. d4 d5 7. h3 Bd6 8. Bd3
Nc6 9. Bg5 Be6 10. Qd2 h6 11. Be3 Bb4 12. a3 Bd6 13. O-O-O Qe7 14. Nb5 a6 15.
Nxd6+ Qxd6 16. Bf4 Qe7 17. Rde1 b5 18. Qc3 Qd7 19. Ne5 Nxe5 20. Bxe5 c6 21. g4
a5 22. Qc5 Ne4 23. Bxe4 dxe4 24. Bxg7 Rg8 25. Bxh6 Kd8 26. Bf4 Qb7 27. Rhg1 Bd5
28. h4 Qd7 29. Qd6 Qxd6 30. Bxd6 Kd7 31. Be5 Ke6 32. Re3 f6 33. Bf4 Rac8 34. f3
Kf7 35. fxe4 Be6 36. g5 Rg7 37. Kd2 Rh8 38. Rh1 Rg6 39. h5 Rgg8 40. g6+ Ke8 41.
Rg3 Kd7 42. h6 1-0

[Event "DVM U12 2014"]
[Site "Verden/Aller GER"]
[Date "2014.12.29"]
[Round "5"]
[White "Kreicarek, Tobias"]
[Black "Breitzmann, Sander"]
[Result "1/2-1/2"]
[Termination "normal"]
[Board "5.3"]
[WhiteElo "1446"]
[BlackElo "1410"]
[WhiteTeam "SG Turm Leipzig"]
[BlackTeam "SV Empor Berlin"]
[PlyCount "187"]
[WhiteFideId "16255909"]
[BlackFideId "12987085"]
[EventCountry "GER"]
[EventRounds "7"]
[EventType "team-swiss"]
[EventDate "2014.12.26"]

1. e4 e5 2. Nf3 Nc6 3. Bc4 Bc5 4. b4 Bxb4 5. c3 Be7 6. d4 d6 7. O-O Nf6 8. Re1
O-O 9. Bb2 Bg4 10. Nbd2 Re8 11. Qc2 Bf8 12. Ng5 Bh5 13. Rab1 h6 14. Ngf3 Na5
15. Bd3 Nc6 16. d5 Na5 17. Qa4 b6 18. Bb5 Re7 19. Nh4 Bg6 20. Nxg6 fxg6 21. Nf3
g5 22. h3 Nb7 23. Bc6 Nc5 24. Qc2 Rb8 25. Ba3 Nfd7 26. Nd2 Rf7 27. f3 Qf6 28.
Rf1 Qg6 29. Rbe1 Rd8 30. Bxc5 Nxc5 31. Nb3 h5 32. Nxc5 dxc5 33. Qe2 Bd6 34. g4
Rdf8 35. a4 hxg4 36. fxg4 Rxf1+ 37. Rxf1 Rxf1+ 38. Qxf1 Qxe4 39. Bb5 Qe3+ 40.
Kh2 e4+ 41. Kh1 Qg3 42. Qg2 Qe1+ 43. Qg1 Qxc3 44. Qf1 Qf3+ 45. Qxf3 exf3 46.
Kg1 Bg3 47. Bc4 Kf8 48. Bd3 Ke7 49. Be4 f2+ 50. Kg2 Kd6 51. Bd3 Bf4 52. Kxf2
Kxd5 53. Ke2 c4 54. Bc2 a6 55. Kd1 b5 56. axb5 axb5 57. Bf5 c5 58. Kc2 Kd4 59.
Kb2 b4 60. Be6 Be5 61. Kc2 b3+ 62. Kb1 Kc3 63. Kc1 b2+ 64. Kb1 Kd3 65. Bd5 c3
66. Bb3 Ke3 67. Kc2 Kd4 68. Kb1 c4 69. Bc2 Ke3 70. Bf5 Kf4 71. Be6 Kg3 72. Bxc4
Kxh3 73. Be2 Kg3 74. Bd1 Kf4 75. Kc2 Ke4 76. Kb1 Kf4 77. Kc2 Ke3 78. Kb1 Kf2
79. Kc2 Ke1 80. Bf3 Kf2 81. Bd1 Ke3 82. Kb1 Kd3 83. Bc2+ Ke2 84. Bf5 Kf3 85.
Be6 Bd4 86. Kc2 Ke4 87. Bf5+ Kf4 88. Be6 g6 89. Kb1 Kf3 90. Kc2 Ke3 91. Bc4 Bh8
92. Be6 Bg7 93. Bc4 Kd4 94. Bf7 1/2-1/2

[Event "DVM U12 2014"]
[Site "Verden/Aller GER"]
[Date "2014.12.29"]
[Round "5"]
[White "Albrecht, Constantin"]
[Black "Buschmann, Julius"]
[Result "0-1"]
[Termination "normal"]
[Board "5.4"]
[WhiteElo "1175"]
[BlackElo "1428"]
[WhiteTeam "SV Empor Berlin"]
[BlackTeam "SG Turm Leipzig"]
[PlyCount "28"]
[WhiteFideId "16236106"]
[BlackFideId "16255895"]
[EventCountry "GER"]
[EventRounds "7"]
[EventType "team-swiss"]
[EventDate "2014.12.26"]

1. e4 e5 2. Nf3 Nc6 3. Bc4 Bc5 4. Nc3 Nf6 5. d3 d6 6. Bg5 Bg4 7. h3 Be6 8. Bb3
h6 9. Bh4 Qe7 10. Qd2 O-O 11. g4 Nd4 12. Nxd4 exd4 13. Nd5 Bxd5 14. Bxd5 g5 {
Partieverlauf nicht erfassbar} 0-1

[Event "DVM U12 2014"]
[Site "Verden/Aller GER"]
[Date "2014.12.29"]
[Round "5"]
[White "von Estorff, Jacob"]
[Black "Lichtmannecker, Daniel"]
[Result "1-0"]
[Termination "normal"]
[Board "6.1"]
[WhiteElo "1650"]
[BlackElo "1518"]
[WhiteTeam "Post SV Uelzen"]
[BlackTeam "FC Ergolding"]
[PlyCount "145"]
[WhiteFideId "12974501"]
[BlackFideId "12979414"]
[EventCountry "GER"]
[EventRounds "7"]
[EventType "team-swiss"]
[EventDate "2014.12.26"]

1. e4 e6 2. d4 d5 3. e5 c5 4. c3 Nc6 5. Nf3 Nge7 6. a3 Bd7 7. b4 c4 8. Be2 Ng6
9. O-O Be7 10. Be3 O-O 11. Nbd2 b5 12. Re1 Qc7 13. Nf1 a5 14. Qc2 a4 15. Ng3
Qd8 16. Nd2 f5 17. exf6 Bxf6 18. Rad1 Bg5 19. Bg4 Bxe3 20. Rxe3 Qf6 21. Nf3 Nf4
22. Nh5 Nxh5 23. Bxh5 Ne7 24. Ne5 Bc8 25. Rf3 Nf5 26. Re1 g6 27. g4 Qg5 28. Kh1
Ng7 29. Rxf8+ Kxf8 30. f4 Qh4 31. Rg1 Qf6 32. g5 Qf5 33. Qxf5+ Nxf5 34. Bg4 Nd6
35. Bf3 Nf7 36. Ng4 Nd6 37. Re1 Kg7 38. Nf6 h5 39. Bg2 Kf7 40. Nxd5 Bb7 41. Nf6
Bxg2+ 42. Kxg2 Ra7 43. Kf2 Re7 44. Re5 Rb7 45. Ne4 Nxe4+ 46. Rxe4 Ke7 47. d5
Rb6 48. dxe6 Rxe6 49. Kf3 h4 50. Rxe6+ Kxe6 51. h3 Kd6 52. f5 gxf5 53. Kf4 Ke6
54. g6 Kf6 55. g7 Kxg7 56. Kxf5 Kf7 57. Kg5 Ke6 58. Kxh4 Ke5 59. Kg4 Ke4 60. h4
Kd3 61. h5 Kxc3 62. h6 Kb2 63. h7 Kxa3 64. h8=Q Kxb4 65. Qb2+ Kc5 66. Kf3 b4
67. Qa2 Kd4 68. Qxa4 b3 69. Ke2 Kc3 70. Kd1 Kb2 71. Qxc4 Ka1 72. Qc3+ b2 73.
Kc2 1-0

[Event "DVM U12 2014"]
[Site "Verden/Aller GER"]
[Date "2014.12.29"]
[Round "5"]
[White "Astner, Sebastian"]
[Black "Askerov, Imamali"]
[Result "0-1"]
[Termination "normal"]
[Board "6.2"]
[WhiteElo "1437"]
[BlackElo "1746"]
[WhiteTeam "FC Ergolding"]
[BlackTeam "Post SV Uelzen"]
[PlyCount "92"]
[WhiteFideId "12979422"]
[BlackFideId "12974498"]
[EventCountry "GER"]
[EventRounds "7"]
[EventType "team-swiss"]
[EventDate "2014.12.26"]

1. e4 c5 2. Nc3 Nc6 3. f4 e6 4. Nf3 g6 5. Bb5 Bg7 6. Bxc6 bxc6 7. d3 d5 8. O-O
Ne7 9. Qe1 O-O 10. Qh4 Bd7 11. f5 exf5 12. Bh6 f6 13. e5 g5 14. Qh5 Be8 15. Qh3
g4 16. Qh4 Ng6 17. Qh5 gxf3 18. Bxg7 Kxg7 19. exf6+ Qxf6 20. Rxf3 Qd4+ 21. Kh1
Qh4 22. Rxf5 Qxh5 23. Rxh5 Bd7 24. Na4 h6 25. h3 Rf7 26. Nxc5 Rb8 27. b3 Rbf8
28. Kg1 Bc8 29. c4 Rf5 30. Rxf5 Rxf5 31. Rf1 Rg5 32. Kh2 dxc4 33. Ne4 Rf5 34.
Rc1 cxd3 35. Rxc6 Bb7 36. Rc7+ Rf7 37. Rxf7+ Kxf7 38. Nd2 Nf4 39. g4 Ne2 40. a3
Ke6 41. h4 Ke5 42. Nc4+ Kf4 43. g5 hxg5 44. h5 g4 45. h6 g3+ 46. Kh3 g2 0-1

[Event "DVM U12 2014"]
[Site "Verden/Aller GER"]
[Date "2014.12.29"]
[Round "5"]
[White "Knüdel, Torben"]
[Black "Kühne, Maria"]
[Result "1-0"]
[Termination "normal"]
[Board "6.3"]
[WhiteElo "1392"]
[BlackElo "1204"]
[WhiteTeam "Post SV Uelzen"]
[BlackTeam "FC Ergolding"]
[PlyCount "65"]
[WhiteFideId "16208820"]
[BlackFideId "12997412"]
[EventCountry "GER"]
[EventRounds "7"]
[EventType "team-swiss"]
[EventDate "2014.12.26"]

1. d4 d5 2. c4 e6 3. Nc3 Nf6 4. Bf4 a6 5. e3 Bd7 6. Nf3 Be7 7. Bd3 dxc4 8. Bxc4
O-O 9. O-O Bd6 10. Bxd6 cxd6 11. e4 Re8 12. e5 dxe5 13. dxe5 Ng4 14. Qe2 Bc6
15. Rfd1 Qc7 16. Ne4 Bxe4 17. Qxe4 Nh6 18. Bd3 g6 19. Qf4 Nf5 20. g4 Ne7 21.
Qh6 Nd5 22. Ng5 f5 23. gxf5 exf5 24. Bc4 Kh8 25. Bxd5 Nc6 26. Nf7+ Kg8 27. Nd6+
Kh8 28. Nxe8 Rxe8 29. Qh4 Rf8 30. Bxc6 Qxc6 31. Rac1 Qf3 32. Rd7 h5 33. Qf6+
1-0

[Event "DVM U12 2014"]
[Site "Verden/Aller GER"]
[Date "2014.12.29"]
[Round "5"]
[White "Ottmair, Clemens"]
[Black "Badzies, Tobias"]
[Result "1/2-1/2"]
[Termination "normal"]
[Board "6.4"]
[WhiteElo "1105"]
[BlackElo "1053"]
[WhiteTeam "FC Ergolding"]
[BlackTeam "Post SV Uelzen"]
[PlyCount "101"]
[EventCountry "GER"]
[EventRounds "7"]
[EventType "team-swiss"]
[EventDate "2014.12.26"]

1. e4 e5 2. Nf3 Nc6 3. Bb5 Nf6 4. Nc3 Bc5 5. d3 d6 6. h3 Be6 7. Bg5 O-O 8. O-O
h6 9. Bh4 a6 10. Bxc6 bxc6 11. Qe2 d5 12. Rad1 Bb4 13. Nxe5 Bxc3 14. bxc3 Qd6
15. Bxf6 gxf6 16. Nf3 Rfe8 17. Qe3 Kg7 18. Nh4 Rad8 19. Qf3 Qa3 20. Ra1 Qxc3
21. Rfc1 Qc5 22. Qg3+ Kf8 23. Qxc7 Rd6 24. Rab1 Rd7 25. Qf4 dxe4 26. dxe4 Bxa2
27. Ra1 Qg5 28. Qxg5 fxg5 29. Rxa2 gxh4 30. Rxa6 Rxe4 31. Rxc6 Kg7 32. c4 Rdd4
33. Rc8 Kf6 34. c5 Rc4 35. Rxc4 Rxc4 36. c6 Ke6 37. Rh8 Rxc6 38. Rxh6+ Kd7 39.
Rxc6 Kxc6 40. g3 hxg3 41. fxg3 Kd6 42. Kf2 Ke6 43. Kf3 Kf5 44. h4 Kg6 45. Kg4
f6 46. h5+ Kh6 47. Kf5 Kxh5 48. g4+ Kh4 49. Kf4 Kh3 50. Kf5 Kg3 51. Kxf6
1/2-1/2

[Event "DVM U12 2014"]
[Site "Verden/Aller GER"]
[Date "2014.12.29"]
[Round "5"]
[White "Gheng, Dominik"]
[Black "Pölt, Christoph"]
[Result "1/2-1/2"]
[Termination "normal"]
[Board "7.1"]
[WhiteElo "1713"]
[BlackElo "1678"]
[WhiteTeam "Schach-Kids Bernhausen"]
[BlackTeam "TV Tegernsee"]
[PlyCount "98"]
[WhiteFideId "12906778"]
[BlackFideId "12960853"]
[EventCountry "GER"]
[EventRounds "7"]
[EventType "team-swiss"]
[EventDate "2014.12.26"]

1. e4 e5 2. Nf3 Nc6 3. Bb5 Nf6 4. O-O d6 5. d3 Be7 6. c3 O-O 7. Re1 Bd7 8. Ba4
a6 9. Bc2 Bg4 10. Nbd2 Re8 11. Nf1 Bf8 12. h3 Bh5 13. Ng3 Bg6 14. Nh4 a5 15. a3
Nb8 16. Bg5 Nbd7 17. b4 c6 18. Ngf5 b5 19. a4 Qc7 20. Qd2 Rec8 21. Bb3 axb4 22.
cxb4 bxa4 23. Bxa4 c5 24. bxc5 Nxc5 25. Bc2 Ne6 26. Rxa8 Rxa8 27. Be3 Ra2 28.
Rc1 d5 29. Qd1 Ba3 30. Bb3 Bxc1 31. Bxa2 Bxe3 32. Nxe3 dxe4 33. Nxg6 hxg6 34.
Bxe6 fxe6 35. dxe4 Nxe4 36. Qg4 Qc1+ 37. Kh2 Nxf2 38. Qxe6+ Kh7 39. Qxe5 Qh1+
40. Kg3 Qe1 41. Kf3 Nd1 42. Ng4 Qxe5 43. Nxe5 Nc3 44. Kg4 Kh6 45. Nf7+ Kh7 46.
Nd6 Kh6 47. h4 Nd5 48. Nf7+ Kh7 49. Kg5 Nf6 1/2-1/2

[Event "DVM U12 2014"]
[Site "Verden/Aller GER"]
[Date "2014.12.29"]
[Round "5"]
[White "Feicht, Florian"]
[Black "Grube, Olaf"]
[Result "1-0"]
[Termination "normal"]
[Board "7.2"]
[WhiteElo "1573"]
[BlackElo "1164"]
[WhiteTeam "TV Tegernsee"]
[BlackTeam "Schach-Kids Bernhausen"]
[PlyCount "67"]
[WhiteFideId "12960888"]
[BlackFideId "12956988"]
[EventCountry "GER"]
[EventRounds "7"]
[EventType "team-swiss"]
[EventDate "2014.12.26"]

1. e4 c5 2. Nf3 d6 3. c3 Nc6 4. d4 cxd4 5. cxd4 Bg4 6. Be3 Nf6 7. Nc3 Qa5 8.
Bd3 Nb4 9. Bb5+ Bd7 10. Bxd7+ Nxd7 11. O-O g6 12. Bd2 Qa6 13. a3 Nd3 14. Qc2 e5
15. dxe5 N3xe5 16. Nxe5 Nxe5 17. Nd5 Qc4 18. Qxc4 Nxc4 19. Bc3 Rg8 20. Nf6+ Ke7
21. Nxg8+ Ke6 22. Nf6 Bg7 23. Nd5 Bxc3 24. Nxc3 Nd2 25. Nd5 Rc8 26. Rac1 Rxc1
27. Rxc1 Nb3 28. Rc3 Nd4 29. Kf1 Ke5 30. f3 Nb5 31. Rb3 a6 32. a4 Nd4 33. Rxb7
Ke6 34. Re7# 1-0

[Event "DVM U12 2014"]
[Site "Verden/Aller GER"]
[Date "2014.12.29"]
[Round "5"]
[White "Späth, Christoph"]
[Black "Feicht, Franz"]
[Result "0-1"]
[Termination "normal"]
[Board "7.3"]
[WhiteElo "1166"]
[BlackElo "1576"]
[WhiteTeam "Schach-Kids Bernhausen"]
[BlackTeam "TV Tegernsee"]
[PlyCount "30"]
[BlackFideId "12960896"]
[EventCountry "GER"]
[EventRounds "7"]
[EventType "team-swiss"]
[EventDate "2014.12.26"]

1. e4 e5 2. Nf3 Nc6 3. Bc4 Nd4 4. c3 Nxf3+ 5. Qxf3 Nf6 6. d4 d6 7. Bg5 Be7 8.
h3 b6 9. O-O Bb7 10. Nd2 O-O 11. Bd5 Nxd5 12. Bxe7 Nxe7 13. Qg3 Ng6 14. d5 f5
15. c4 f4 {Partieverlauf nicht erfassbar} 0-1